Population (2010) | City or Town |
8,175,133 | New York, NY | | 97.5% | 1,526,006 | Philadelphia, PA | | 95.9% | 617,660 | Boston, MA | | 95.1% | 305,704 | Pittsburgh, PA | | 94.2% | 261,310 | Buffalo, NY | | 91.4% | 277,140 | Newark, NJ | | 91% | 178,042 | Providence, RI | | 90.7% | 97,856 | Albany, NY | | 89.9% | 124,775 | Hartford, CT | | 89.1% | 210,565 | Rochester, NY | | 87.1% | 29,752 | Rochester, NH | | 87.1% | 247,597 | Jersey City, NJ | | 87% | 129,779 | New Haven, CT | | 86.7% | 145,170 | Syracuse, NY | | 85.5% | 84,913 | Trenton, NJ | | 84.2% | 66,194 | Portland, ME | | 84.2% | 195,976 | Yonkers, NY | | 83.7% | 109,565 | Manchester, NH | | 83.1% | 58,241 | Manchester, CT | | 83.1% | 43,070 | Manchester, NJ | | 83.1% | 181,045 | Worcester, MA | | 82.1% | 153,060 | Springfield, MA | | 81.9% | 144,229 | Bridgeport, CT | | 81.8% | 42,417 | Burlington, VT | | 81.8% | 118,032 | Allentown, PA | | 80.1% | 101,786 | Erie, PA | | 79.1% | 122,643 | Stamford, CT | | 78% | 76,089 | Scranton, PA | | 77.3% | 49,528 | Harrisburg, PA | | 76.4% | 105,162 | Cambridge, MA | | 76% | 124,969 | Elizabeth, NJ | | 75.6% | 42,695 | Concord, NH | | 75.4% | 39,558 | Atlantic City, NJ | | 73.3% | 146,159 | Paterson, NJ | | 73% | 106,519 | Lowell, MA | | 71.6% | 77,344 | Camden, NJ | | 71.3% | 62,235 | Utica, NY | | 69.7% | 33,039 | Bangor, ME | | 68.6% | 110,366 | Waterbury, CT | | 68.5% | 59,322 | Lancaster, PA | | 67.4% | 41,604 | Lancaster, NY | | 67.4% | 88,082 | Reading, PA | | 66.9% | 86,494 | Nashua, NH | | 66.4% | 82,672 | Warwick, RI | | 65.6% | 32,065 | Warwick, NY | | 65.6% | 66,135 | Schenectady, NY | | 64.8% | 41,398 | Wilkes-Barre, PA | | 64.2% | 47,376 | Binghamton, NY | | 62.5% | 95,072 | New Bedford, MA | | 61.4% | 92,271 | Quincy, MA | | 61.4% | 50,005 | Hoboken, NJ | | 61.2% | 43,718 | York, PA | | 60.8% | 74,982 | Bethlehem, PA | | 60.5% | 71,148 | Pawtucket, RI | | 60.5% | 33,656 | Bethlehem, NY | | 60.5% | 56,853 | White Plains, NY | | 60.4% | 80,893 | Danbury, CT | | 60% | 41,340 | Salem, MA | | 60% | 61,171 | Greenwich, CT | | 59.8% | 88,857 | Fall River, MA | | 59.2% | 77,062 | New Rochelle, NY | | 59.2% | 50,129 | Troy, NY | | 59.2% | 90,329 | Lynn, MA | | 58.4% | 85,603 | Norwalk, CT | | 56.2% | 46,320 | Altoona, PA | | 55.3% | 56,468 | Plymouth, MA | | 55.2% | 50,193 | Niagara Falls, NY | | 55.1% | 48,559 | Washington, NJ | | 54.7% | 99,967 | Edison, NJ | | 54.4% | 43,341 | Poughkeepsie (town), NY | | 54.2% | 32,790 | Poughkeepsie (city), NY | | 54% | 80,387 | Cranston, RI | | 53.8% | 66,522 | Middletown, NJ | | 53.2% | 47,648 | Middletown, CT | | 53.2% | 45,507 | Middletown, PA | | 53.2% | 56,642 | Union, NJ | | 53% | 56,346 | Union, NY | | 53% | 73,206 | New Britain, CT | | 52.5% | 30,014 | Ithaca, NY | | 52.5% | 93,810 | Brockton, MA | | 52.4% | 757,757 | Hempstead, NY | | 52.3% | 60,477 | Bristol, CT | | 52.1% | 54,582 | Bristol, PA | | 52.1% | 47,037 | East Providence, RI | | 52.1% | 30,134 | Orange, NJ | | 52% | 85,146 | Newton, MA | | 51.8% | 63,268 | West Hartford, CT | | 51.6% | 76,377 | Lawrence, MA | | 51.3% | 33,472 | Lawrence, NJ | | 51.3% | 91,239 | Toms River, NJ | | 51% | 64,270 | East Orange, NJ | | 49.9% | 64,634 | Gloucester, NJ | | 48.9% | 51,252 | East Hartford, CT | | 48.6% | 55,181 | New Brunswick, NJ | | 48.5% | 41,186 | Woonsocket, RI | | 48.3% | 42,034 | State College, PA | | 48.2% | 69,781 | Passaic, NJ | | 48.1% | 75,754 | Somerville, MA | | 48% | 59,404 | Fairfield, CT | | 47.5% | 67,292 | Mount Vernon, NY | | 47.2% |
|
Population (2010) | City or Town |
36,592 | Lewiston, ME | | 47.2% | 34,031 | Chester, PA | | 46.8% | 122,366 | Amherst, NY | | 46.7% | 37,819 | Amherst, MA | | 46.7% | 63,024 | Bayonne, NJ | | 46.6% | 71,045 | Cherry Hill, NJ | | 46.3% | 55,564 | West Haven, CT | | 46.3% | 84,136 | Clifton, NJ | | 45.7% | 68,318 | Framingham, MA | | 45.5% | 46,207 | West Orange, NJ | | 44.2% | 29,987 | Dover, NH | | 43.6% | 99,585 | Woodbridge, NJ | | 43% | 66,455 | Union City, NJ | | 42.9% | 44,737 | Pittsfield, MA | | 42.9% | 40,493 | Norwich , CT | | 42.8% | 31,915 | Watertown, MA | | 41.7% | 58,732 | Brookline, MA | | 41.6% | 33,725 | Rome, NY | | 41.4% | 62,300 | Franklin, NJ | | 41% | 31,635 | Franklin, MA | | 41% | 88,464 | Hamilton, NJ | | 40.7% | 29,257 | East Haven, CT | | 40.6% | 56,173 | Medford, MA | | 40.5% | 52,759 | Milford, CT | | 40.3% | 75,072 | Brick, NJ | | 40% | 43,010 | Hackensack, NJ | | 39.9% | 60,724 | Vineland, NJ | | 39% | 335,543 | Islip, NY | | 38.6% | 49,708 | West New York, NJ | | 38% | 60,879 | Haverhill, MA | | 37.9% | 54,856 | Jackson, NJ | | 37.9% | 50,814 | Perth Amboy, NJ | | 37.9% | 55,874 | Taunton, MA | | 37.6% | 39,762 | Northampton, PA | | 36.9% | 32,078 | North Providence, RI | | 36.9% | 60,632 | Waltham, MA | | 36.1% | 29,204 | Elmira, NY | | 35.8% | 51,755 | Revere, MA | | 35.6% | 55,298 | Chicopee, MA | | 34.8% | 60,868 | Meriden, CT | | 34.7% | 29,801 | Newburgh (town), NY | | 34.6% | 39,912 | Monroe, NY | | 34.4% | 40,191 | Marlboro, NJ | | 34.3% | 41,094 | Westfield, MA | | 34.1% | 39,132 | Monroe (Middlesex Co.), NJ | | 34.1% | 36,129 | Monroe (Gloucester Co.), NJ | | 34.1% | 30,316 | Westfield, NJ | | 34.1% | 39,880 | Holyoke, MA | | 33.9% | 45,193 | Barnstable, MA | | 33.8% | 31,146 | Jamestown, NY | | 33.5% | 293,214 | Oyster Bay, NY | | 33.4% | 47,512 | East Brunswick, NJ | | 33.3% | 92,843 | Lakewood, NJ | | 32.9% | 59,450 | Malden, MA | | 32.3% | 31,394 | Lexington, MA | | 32.2% | 29,381 | Williamsport, PA | | 32.2% | 40,742 | North Brunswick, NJ | | 32.1% | 60,960 | Hamden, CT | | 31.9% | 56,790 | Southampton, NY | | 31.9% | 35,345 | Fort Lee, NJ | | 31.9% | 203,264 | Huntington, NY | | 31.7% | 43,417 | South Brunswick, NJ | | 31.7% | 60,773 | North Bergen, NJ | | 31.6% | 51,384 | Stratford, CT | | 31.2% | 33,109 | Derry, NH | | 31.1% | 49,808 | Plainfield, NJ | | 31% | 42,844 | Arlington, MA | | 30.7% | 54,017 | Wayne, NJ | | 30.5% | 43,593 | Attleboro, MA | | 30.2% | 40,115 | Groton, CT | | 30% | 35,744 | Braintree, MA | | 30% | 56,044 | Piscataway, NJ | | 29.7% | 53,926 | Irvington, NJ | | 29.5% | 51,251 | Peabody, MA | | 29.5% | 29,191 | West Warwick, RI | | 29% | 36,383 | Torrington, CT | | 28.8% | 486,040 | Brookhaven, NY | | 28.7% | 65,375 | Old Bridge, NJ | | 28.6% | 33,201 | Andover, MA | | 28.6% | 82,795 | Upper Darby, PA | | 28.3% | 45,928 | Rye (town), NY | | 28% | 73,567 | Tonawanda, NY | | 27.3% | 53,743 | Weymouth, MA | | 27.3% | 33,275 | Long Beach, NY | | 27.3% | 47,315 | Bloomfield, NJ | | 27.2% | 226,322 | North Hempstead, NY | | 27.1% | 39,502 | Beverly, MA | | 26.9% | 40,759 | Leominster, MA | | 26.7% | 35,177 | Chelsea, MA | | 26.5% | 39,766 | Teaneck, NJ | | 26.3% | 213,603 | Babylon, NY | | 25.9% | 34,427 | Norristown, PA | | 25.7% | 88,226 | Cheektowaga, NY | | 25.6% | 45,135 | Wallingford, CT | | 25.3% | 53,238 | Parsippany-Troy Hills, NJ | | 25% | 44,654 | Enfield, CT | | 24.7% | 96,095 | Greece, NY | | 24.5% | 40,684 | Kearny, NJ | | 24.5% | 37,669 | Montclair, NJ | | 24.2% | 39,559 | Shelton, CT | | 23.5% |
|
Population (2010) | City or Town |
36,184 | Freehold, NJ | | 23.3% | 31,531 | Falmouth, MA | | 23.3% | 117,801 | Smithtown, NY | | 23% | 44,464 | Bridgewater, NJ | | 23% | 38,499 | Marlborough, MA | | 22.9% | 34,427 | Glastonbury, CT | | 22.9% | 43,323 | Egg Harbor, NJ | | 22.8% | 43,069 | Southington, CT | | 22.6% | 40,499 | Linden, NJ | | 22.6% | 34,032 | Dartmouth, MA | | 22.6% | 29,366 | Livingston, NJ | | 22.3% | 29,179 | Vernon, CT | | 22.3% | 88,400 | Greenburgh, NY | | 21.9% | 81,591 | Colonie, NY | | 21.9% | 42,704 | Sayreville, NJ | | 21.9% | 35,014 | Coventry, RI | | 21.9% | 40,318 | Fitchburg, MA | | 21.8% | 30,719 | Long Branch, NJ | | 21.8% | 57,825 | Lower Merion, PA | | 21.7% | 38,120 | Woburn, MA | | 21.7% | 47,255 | Methuen, MA | | 21.5% | 31,568 | North Tonawanda, NY | | 21.5% | 60,427 | Bensalem, PA | | 21.2% | 41,667 | Everett, MA | | 21.2% | 51,075 | Howell, NJ | | 21.1% | 126,595 | Ramapo, NY | | 20.6% | 56,936 | Hamburg, NY | | 20.1% | 36,018 | Trumbull, CT | | 19.7% | 48,451 | Haverford, PA | | 19.6% | 55,310 | Abington, PA | | 19.4% | 33,506 | Riverhead, NY | | 19.3% | 30,487 | Garfield, NJ | | 19.2% | 33,006 | Natick, MA | | 18.7% | 35,608 | Shrewsbury, MA | | 18.5% | 33,802 | Chelmsford, MA | | 18.5% | 36,609 | Brighton, NY | | 18.3% | 29,131 | Voorhees, NJ | | 18.3% | 51,692 | Irondequoit, NY | | 18.1% | 30,639 | South Kingstown, RI | | 18.1% | 32,363 | Eastchester, NY | | 17.9% | 35,790 | Ewing, NJ | | 17.7% | 38,872 | Manalapan, NJ | | 17.6% | 32,112 | Randolph, MA | | 17.6% | 58,206 | Clay, NY | | 17.5% | 33,506 | Cumberland, RI | | 17.4% | 36,081 | Yorktown, NY | | 17.3% | 41,255 | Berkeley, NJ | | 17.1% | 38,303 | Hillsborough, NJ | | 17% | 40,243 | Billerica, MA | | 16.9% | 29,261 | Cheshire, CT | | 16.9% | 41,864 | Mount Laurel, NJ | | 16.8% | 31,862 | Naugatuck, CT | | 16.6% | 49,212 | Orangetown, NY | | 16.2% | 44,711 | West Seneca, NY | | 16% | 84,187 | Clarkstown, NY | | 15.9% | 37,674 | Ossining, NY | | 15.7% | 32,457 | Fair Lawn, NJ | | 15.6% | 30,561 | Deptford, NJ | | 15.2% | 45,538 | Evesham, NJ | | 15.1% | 35,926 | Belleville, NJ | | 15% | 30,562 | Newington, CT | | 14.9% | 29,156 | Mamaroneck, NY | | 14.7% | 29,457 | Dracut, MA | | 14.6% | 36,882 | Cheltenham, PA | | 14.3% | 35,886 | Pennsauken, NJ | | 14.2% | 43,724 | Mount Pleasant, NY | | 13.9% | 42,302 | Penn Hills, PA | | 13.9% | 39,499 | Winslow, NJ | | 13% | 38,701 | Manheim, PA | | 12.6% | 37,349 | Galloway, NJ | | 12.6% | 53,515 | Millcreek, PA | | 12.5% | 47,310 | Lower Paxton, PA | | 12.5% | 43,115 | Hempfield, PA | | 12.3% | 42,581 | Henrietta, NY | | 12.2% | 34,429 | Falls, PA | | 12.1% | 32,374 | Bethel Park, PA | | 12.1% | 29,405 | Pittsford, NY | | 11.5% | 36,634 | Haverstraw, NY | | 11.1% | 32,772 | Warminster, PA | | 11.1% | 36,705 | Clifton Park, NY | | 10.9% | 31,629 | Willingboro, NJ | | 10.9% | 33,102 | Mount Lebanon, PA | | 10.7% | 32,642 | Lower Makefield, PA | | 10.7% | 42,641 | Webster, NY | | 10.5% | 31,632 | Cicero, NY | | 9.8% | 41,592 | Cortlandt, NY | | 9.6% | 31,532 | Radnor, PA | | 9.4% | 46,462 | Perinton, NY | | 8.2% | 34,305 | Carmel, NY | | 8.2% | 31,300 | Lower Macungie, PA | | 8.2% | 30,749 | North Huntingdon, PA | | 8.2% | 36,242 | Penfield , NY | | 8% | 30,939 | Ridley, PA | | 7.7% | 29,332 | Tredyffrin, PA | | 7.1% | 31,132 | Ross, PA | | 6.7% | 33,710 | Salina, NY | | 6.6% | 30,673 | Clarence, NY | | 6.3% | 29,480 | Glenville, NY | | 5.9% | 35,303 | Guilderland, NY | | 5.2% | 32,370 | Manlius, NY | | 4.9% |
|
Comments